00777nam a2200241Ia 4500001000600000003000900006008004100015040001300056040001300069041001500082100002100097100002900118245003800147245004100185250001100226260001400237260002100251260004900272300005700321500008300378650004300461650003100504B4038IT-RoPAU130308s9999 xx 000 0 und d aIT-RoPAU cIT-RoPAU aPORTOGHESE aDudley Natham S. gCodice Aut. SPICS: 38043 aConflitos na America central (Os) bComunicacao na construcao da paz (A) a1a ed. aSAO PAULO bEdicoes Paulinas c1987 [1° Ed.:1987 - Ed.Ling.Originale:1987] a"10 p. (prefazione: no ; testo: 10 [pagine: 32-41])" aConflitti nell'America Centrale. Grandi Ostacoli nella Costruzione della Pace. aSOCIOLOGIA DELLA COMUNICAZIONE SOCIALE eCodice materia Spics: 3806